LEADER 02200nam 22006014a 450 001 9910451770703321 005 20200520144314.0 010 $a1-280-60447-6 010 $a9786610604470 010 $a0-309-66171-4 035 $a(CKB)1000000000467205 035 $a(SSID)ssj0000252201 035 $a(PQKBManifestationID)11203398 035 $a(PQKBTitleCode)TC0000252201 035 $a(PQKBWorkID)10176760 035 $a(PQKB)10679427 035 $a(MiAaPQ)EBC3378144 035 $a(Au-PeEL)EBL3378144 035 $a(CaPaEBR)ebr10146774 035 $a(OCoLC)923277177 035 $a(EXLCZ)991000000000467205 100 $a20061108d2006 uy 0 101 0 $aeng 135 $aurcn||||||||| 181 $ctxt 182 $cc 183 $acr 200 00$aStrategies for preservation of and open access to scientific data in China$b[electronic resource] $esummary of a workshop /$fPaul F. Uhlir and Julie M. Esanu, rapporteurs ; U.S. National Committee for CODATA, Board on International Scientific Organizations, National Research Council of the National Academies 210 $aWashington, DC $cNational Academies Press$dc2006 215 $axviii, 131 p 300 $aWorkshop held June 22-24, 2004 in Beijing, China. 311 $a0-309-10230-8 606 $aCommunication in science$zChina$vCongresses 606 $aFreedom of information$zChina$vCongresses 606 $aInformation technology$zChina$vCongresses 606 $aScience and state$zChina$vCongresses 608 $aElectronic books. 615 0$aCommunication in science 615 0$aFreedom of information 615 0$aInformation technology 615 0$aScience and state 676 $a338.95106 701 $aUhlir$b P. F$g(Paul F.),$f1954-$0865045 701 $aEsanu$b Julie M$0917446 712 02$aU.S. National Committee for CODATA. 712 02$aNational Research Council (U.S.).$bBoard on International Scientific Organizations. 801 0$bMiAaPQ 801 1$bMiAaPQ 801 2$bMiAaPQ 906 $aBOOK 912 $a9910451770703321 996 $aStrategies for preservation of and open access to scientific data in China$92469565 997 $aUNINA LEADER 03858nam 22007095 450 001 996659459903316 005 20250423095240.0 010 $a9781772127904 010 $a1772127906 024 7 $a10.1515/9781772127904 035 $a(CKB)5860000000576289 035 $a(MiAaPQ)EBC31093777 035 $a(DE-B1597)680333 035 $a(DE-B1597)9781772127904 035 $a(Au-PeEL)EBL31093777 035 $a(OCoLC)1518280914 035 $a(EXLCZ)995860000000576289 100 $a20250423h20252025 fg 101 0 $aeng 135 $aur||||||||||| 181 $ctxt$2rdacontent 182 $cc$2rdamedia 183 $acr$2rdacarrier 200 10$aIndigenous Healing as Paradox $eRe-Membering and Biopolitics in the Settler Colony /$fKrista Maxwell 205 $a1st ed. 210 1$aEdmonton, Alberta : $cUniversity of Alberta Press, $d[2025] 210 4$d2025 215 $a1 online resource (208 p.) 311 08$a9781772125740 311 08$a1772125741 327 $tFrontmatter -- $tContents -- $tPreface -- $tAcknowledgements -- $tArtist Statement -- $tIntroduction: Indigenous Re-Membering and Biopolitics in the Liberal Settler Colony -- $t1 / Giizhiiganang and Anishinaabe Re-Membering, 1965?1980 -- $t2 / Re-Membering and Biopolitics in Urban Ontario, 1973?1980s -- $t3 / ?Family Violence Is Weakening Our Nations?: Indigenous Women, Political Dismemberment, and Family Healing, 1972?1990 -- $t4 / Biopolitical Tactics under Neoliberal Settler Colonialism: Healing as Public Discourse, 1990?2015 -- $tConclusion: Towards an Indigenized Politics of Life -- $tAppendix: Methods and Sources -- $tNotes -- $tReferences -- $tIndex -- $tAbout the Author 330 $aIndigenous healing is a paradox in the liberal settler colony where efforts to foster well-being can simultaneously undermine distinct Indigenous societies. This book examines the prominence of ?Indigenous healing? in Canadian public discourse through a historical and ethnographic lens. It focuses on late twentieth-century Indigenous social histories in Treaty 3 territory and cities in northern and southern Ontario to show practices of re-membering?drawing on traditional ways of being and knowing for social repair and collective rejuvenation?against the backdrop of the social dismemberment of Indigenous Peoples. Expansion of re-membering is often enabled by tactical engagements with the settler state which have fuelled an Indigenized biopolitics from below. Maxwell offers an analysis of the possibilities, tensions, and risks inherent to these biopolitical tactics. Informed by Indigenous feminist scholarship that emphasizes relationality, care, and the everyday, as well as the intimate workings of settler colonialism, this book aims to enrich critical conversations about reconciliation and resurgence politics and challenge their perceived dichotomy. 606 $aSOCIAL SCIENCE / Anthropology / Cultural & Social$2bisacsh 610 $aAnishinaabeg. 610 $aabuse. 610 $aactivism. 610 $aaddiction. 610 $aalcohol. 610 $afamily. 610 $agender. 610 $ahealthcare. 610 $aillness. 610 $akinship. 610 $amedical anthropology. 610 $amental health. 610 $asobriety. 610 $asocial actors. 610 $asocial services. 610 $asurvival. 610 $asurvivance. 610 $aviolence. 610 $awelfare state. 610 $awell-being. 610 $awomen. 615 7$aSOCIAL SCIENCE / Anthropology / Cultural & Social. 700 $aMaxwell$b Krista, $4aut$4http://id.loc.gov/vocabulary/relators/aut$01800921 801 0$bDE-B1597 801 1$bDE-B1597 906 $aBOOK 912 $a996659459903316 996 $aIndigenous Healing as Paradox$94345891 997 $aUNISA